000 00315nam a22001337a 4500
020 _a0-00-692812-9
082 _a823
_bKEE/M
100 _aKEENE, CAROLYN
245 _aNANCY DREW
_bMYSTERY OF THE GLOWING EYE
260 _aLONDON
_bARMADA
_c1992
300 _a154
650 _aSTORY BOOK
_zUNITED KINGDOM
942 _cBK
999 _c3420
_d3420